Statistiques concernant Quartiers de Montpellier

Cliquez ici pour prendre le quiz!

Statistiques générales

  • Ce quiz a été pris 131 fois
  • Le résultat moyen est 8 sur 31

Statistiques - réponses

Hôpitaux-Facultés% Correct
Comédie
49%
Mosson
47%
Antigone
44%
Croix d'Argent
41%
Les Beaux-Arts
41%
Gare Saint-Roch
40%
Boutonnet
37%
Les Cévennes
37%
Port-Marianne
36%
Prés-d'Arènes
35%
Celleneuve
34%
Saint-Martin
33%
Lemasson
32%
Aiguelongue
29%
Arceaux
29%
Millenaire
28%
Alco
25%
Figuerolles
24%
Hauts de Massane
23%
Hôpitaux-Facultés
23%
Gambetta
22%
Les Aubes
21%
La Pompignane
16%
Plan des 4 Seigneurs
13%
La Chamberte
11%
La Martelle
11%
Centre Historique
10%
Estanove
9%
Pas du Loup
9%
Aiguerelles
7%
Grammont
6%

Distribution des résultats

Percentile par nombre de réponses

% des personnes avec chaque résultat

Votre développement - résultats

Vous n’avez pas pris ce quiz